[Event "Wch U14 Girls"]
[Site "Mumbai"]
[Date "2019.10.02"]
[Round "1"]
[White "Tanvi, Vasudev Hadkonkar"]
[Black "Omonova, Umida"]
[Result "1/2-1/2"]
[WhiteElo "1582"]
[BlackElo "2078"]
[PlyCount "101"]
[EventDate "2019.10.02"]
[EventType "swiss"]
[EventRounds "11"]
[EventCountry "IND"]
[SourceTitle "EXT 2020"]
[Source "ChessBase"]
[SourceDate "2019.10.17"]
[SourceVersion "1"]
[SourceVersionDate "2019.10.17"]
[SourceQuality "1"]

1. c4 e5 2. Nc3 d6 3. Nf3 Nc6 4. d4 exd4 5. Nxd4 Nf6 6. Nxc6 bxc6 7. e4 g6 8. g3 Bg7 9. Bg2 Bb7 10. Be3 0-0 11. 0-0 a5 12. Qb3 Qc8 13. c5 dxc5 14. Bxc5 Re8 15. Rad1 Ba6 16. Rfe1 Nd7 17. Qa3 Ne5 18. Na4 Nc4 19. Qb3 Rb8 20. Qc2 Nxb2 21. Nxb2 Rxb2 22. Qa4 Qb7 23. e5 Bb5 24. Qxa5 Ra8 25. Qc3 Rbxa2 26. Qb3 Qc8 27. e6 fxe6 28. Rxe6 Kh8 29. Bxc6 Bxc6 30. Rxc6 Ra1 31. Rxa1 Rxa1+ 32. Kg2 Qa8 33. Qf3 Rc1 34. Qd5 h5 35. Rd6 Qxd5+ 36. Rxd5 c6 37. Be3 cxd5 38. Bxc1 Kg8 39. Kf3 Kf7 40. Ke2 Ke6 41. Kd3 Kf5 42. f3 Be5 43. Be3 g5 44. Bf2 Bf6 45. h3 Bd8 46. Be1 Bb6 47. g4+ hxg4 48. fxg4+ Kf4 49. Bd2+ Kg3 50. Bxg5 Kxh3 51. Be3 1/2-1/2

[Event "IND-ch U13 Girls 31st"]
[Site "Jalandhar"]
[Date "2017.06.29"]
[Round "11"]
[White "Ananya, Rishi Gupta"]
[Black "Tanvi, Vasudev Hadkonkar"]
[Result "0-1"]
[WhiteElo "1986"]
[BlackElo "1559"]
[PlyCount "130"]
[EventDate "2017.06.21"]
[EventType "swiss"]
[EventRounds "11"]
[EventCountry "IND"]
[SourceTitle "CBM 179 Extra"]
[Source "ChessBase"]
[SourceDate "2017.08.23"]
[SourceVersion "1"]
[SourceVersionDate "2017.08.23"]
[SourceQuality "1"]

1. e4 c5 2. Nf3 d6 3. d4 cxd4 4. Nxd4 Nf6 5. Nc3 g6 6. Be3 Bg7 7. Qd2 Ng4 8. Bg5 Qb6 9. Ndb5 Be6 10. f3 a6 11. Na4 Qc6 12. Nac3 Nf6 13. Nd4 Qc8 14. Be2 h6 15. Be3 Bc4 16. Bxc4 Qxc4 17. Rc1 Nbd7 18. b3 Qb4 19. Na4 Qxd2+ 20. Kxd2 d5 21. exd5 Nxd5 22. c4 Nxe3 23. Kxe3 0-0 24. Rhd1 Rfd8 25. Nc3 h5 26. Kf2 Nc5 27. Nd5 e6 28. b4 Na4 29. Ne7+ Kf8 30. Nxg6+ Ke8 31. Nxe6 fxe6 32. Re1 Kf7 33. Nf4 Bh6 34. Re4 Bxf4 35. Rxf4+ Ke7 36. Rc2 Rd3 37. Re4 b6 38. Rce2 Rd6 39. Re5 Rh8 40. Kg3 Nc3 41. Rc2 Na4 42. Re3 b5 43. c5 Rd4 44. a3 Rg8+ 45. Kh3 Rd5 46. Rce2 Rg6 47. Kh4 Rf5 48. Rd3 Rfg5 49. g3 Rf5 50. f4 Rg4+ 51. Kh3 Rg8 52. Rd6 Rg6 53. Rc2 Nxc5 54. bxc5 Rxc5 55. Rxe6+ Rxe6 56. Rxc5 Rh6 57. Kh4 Kd6 58. Rxh5 Rxh5+ 59. Kxh5 a5 60. f5 b4 61. axb4 axb4 62. f6 b3 63. Kg6 b2 64. h4 b1Q+ 65. Kg7 Qf5 0-1

[Event "IND-ch U11 Girls 30th"]
[Site "India"]
[Date "2016.07.05"]
[Round "10"]
[White "Tanvi, Vasudev Hadkonkar"]
[Black "Agrawal, Aanya"]
[Result "0-1"]
[WhiteElo "1408"]
[BlackElo "1273"]
[PlyCount "120"]
[EventDate "2016.06.28"]
[EventType "swiss"]
[EventRounds "11"]
[EventCountry "IND"]
[SourceTitle "CBM 173 Extra"]
[Source "ChessBase"]
[SourceDate "2016.08.29"]
[SourceVersion "1"]
[SourceVersionDate "2016.08.29"]
[SourceQuality "1"]

1. Nf3 d5 2. d4 Nf6 3. Bf4 c5 4. e3 Nc6 5. Nbd2 Qb6 6. dxc5 Qxb2 7. Nb3 Ne4 8. Nfd4 Qc3+ 9. Ke2 e5 10. Nb5 exf4 11. Nc7+ Kd8 12. Nxd5 Bd7 13. h3 Bxc5 14. Qd3 Qe5 15. Rd1 Kc8 16. Ke1 fxe3 17. Nxe3 Bb4+ 18. c3 Bxc3+ 19. Ke2 Rd8 20. Qc4 b5 21. Qxf7 Qf6 22. Qxf6 Bxf6 23. Rc1 Nc3+ 24. Kf3 g5 25. Rc2 h5 26. g4 h4 27. Kg2 b4 28. Ba6+ Kc7 29. Re1 Kb6 30. Be2 Be6 31. Bc4 Bxc4 32. Nxc4+ Kb5 33. Ne3 Nd4 34. Nxd4+ Bxd4 35. Nf5 Rd5 36. Re6 Be5 37. Rg6 Bf4 38. Re6 Rd2 39. Rxd2 Bxd2 40. Nd4+ Kc5 41. Nf3 Rd8 42. Re5+ Kc4 43. Ra5 Nb5 44. Ra6 Rd6 45. Nxd2+ Rxd2 46. Rg6 Rd5 47. Kf3 Nc3 48. Rf6 Nxa2 49. Rf5 Rxf5+ 50. gxf5 Kd5 51. Kg4 b3 52. Kxg5 b2 53. Kxh4 b1Q 54. Kg5 Qg1+ 55. Kf4 Kd6 56. f3 Ke7 57. h4 Kf6 58. h5 Nc3 59. h6 Qh1 60. Kg4 Qxh6 0-1